| 000 | 00713cam a2200181 4500 | ||
|---|---|---|---|
| 001 | ##L132538 | ||
| 008 | 060216n1955 000 0 eng u | ||
| 035 | _a(Sirsi) u132538 | ||
| 041 | 0 | _aeng | |
| 050 | 0 | 4 | _a333.062 $2 18 |
| 110 | 2 | _aValuers Institution | |
| 245 | 0 | 4 |
_aThe Companies Act, 1948 _bmemorandum and articles of association of Valuers Institution Limited |
| 260 |
_a[S.l.] _b[s.n.] _c1955 |
||
| 300 |
_a44p. _c22cm. |
||
| 520 | _aCertification of Valuers Institiution Limited under the Companies Act, 1948. It outlines the objectives of the institution, and the rules and regulations that they must comply to under the act. | ||
| 690 | _aPROPERTY-PROPERTY VALUATION AND APPRAISAL | ||
| 942 | _n0 | ||
| 999 |
_c105176 _d105176 |
||